[Event "II. CLANSKA LIGA ZAHOD 2016"]
[Site "Komenda"]
[Date "2016.11.27"]
[Round "9.4"]
[White "Grum, Andrej"]
[Black "Kocevar, Tugomir"]
[Result "1/2-1/2"]
[WhiteElo "1777"]
[BlackElo "1942"]
[PlyCount "83"]
[EventDate "2016.11.27"]
[WhiteTeam "SK TRZIN"]
[BlackTeam "SD RADOVLJICA"]

1. e4 d5 2. exd5 Nf6 3. Nc3 Nxd5 4. Bc4 Nxc3 5. bxc3 e6 6. d4 Be7 7. Bf4 O-O 8.
Ne2 Bf6 9. O-O b6 10. Qd3 Bb7 11. Rad1 Bd5 12. Bb3 Bxb3 13. cxb3 c6 14. Ng3 Nd7
15. Qf3 Rc8 16. Ne4 Be7 17. c4 Nf6 18. Nxf6+ Bxf6 19. d5 cxd5 20. cxd5 e5 21.
Bg3 Qd6 22. Qe4 Rfe8 23. Rfe1 g6 24. Qa4 Re7 25. Kf1 Rc5 26. f4 Rxd5 27. Rxd5
Qxd5 28. fxe5 Bxe5 29. Rxe5 Rxe5 30. Bxe5 Qxe5 31. g3 a5 32. Kf2 h5 33. h4 Kg7
34. Kf3 Qd5+ 35. Kf2 g5 36. hxg5 Qxg5 37. Kf3 Qd5+ 38. Kf2 Kg6 39. a3 b5 40.
Qxa5 Qxb3 41. Qa8 Qb2+ 42. Kf3 1/2-1/2

[Event "II. CLANSKA LIGA ZAHOD 2016"]
[Site "Komenda"]
[Date "2016.11.27"]
[Round "9.5"]
[White "Krivec, Metod"]
[Black "Borstnik, Ales"]
[Result "1/2-1/2"]
[WhiteElo "1778"]
[BlackElo "1747"]
[PlyCount "71"]
[EventDate "2016.11.27"]
[WhiteTeam "SD RADOVLJICA"]
[BlackTeam "SK TRZIN"]

1. d4 Nf6 2. c4 g6 3. Nc3 Bg7 4. e4 d6 5. Nf3 O-O 6. Be2 e5 7. d5 Nbd7 8. O-O
b6 9. Bg5 Qe8 10. b4 a6 11. Qd2 Nh5 12. g3 f5 13. Bh6 f4 14. Bxg7 Nxg7 15. g4
Qe7 16. Ne1 Qh4 17. Qd3 Nf6 18. Ng2 Qh6 19. f3 g5 20. a4 Qg6 21. h3 h5 22. Kf2
Kf7 23. Ke1 Rh8 24. Kd2 Bd7 25. Nd1 hxg4 26. hxg4 Rh2 27. Rg1 Rah8 28. Nf2 Ke7
29. c5 Ra8 30. c6 Bc8 31. Raf1 Qh6 32. Ra1 Qg6 33. Raf1 Qh6 34. Ra1 Qg6 35.
Raf1 Qh6 36. Ra1 1/2-1/2

[Event "II. CLANSKA LIGA ZAHOD 2016"]
[Site "Komenda"]
[Date "2016.11.27"]
[Round "9.6"]
[White "Banfi, Gregor"]
[Black "Pretnar, Bostjan"]
[Result "1/2-1/2"]
[WhiteElo "1609"]
[BlackElo "1730"]
[PlyCount "50"]
[EventDate "2016.11.27"]
[WhiteTeam "SK TRZIN"]
[BlackTeam "SD RADOVLJICA"]

1. e4 Nf6 2. e5 Nd5 3. Nf3 d6 4. exd6 cxd6 5. d4 g6 6. h3 Bg7 7. Bb5+ Nd7 8.
O-O O-O 9. Re1 Nc7 10. Bf1 h6 11. a4 e5 12. dxe5 dxe5 13. Nc3 Qe7 14. a5 Re8
15. Qe2 a6 16. Qc4 Qc5 17. Qb3 Nf6 18. Be3 Qc6 19. Bb6 Be6 20. Qa4 Qd6 21. Rad1
Nfd5 22. Qa1 Qc6 23. Nxe5 Bxe5 24. Rxe5 Nxb6 25. axb6 Nd5 {nejasno (40)}
1/2-1/2

[Event "II. CLANSKA LIGA ZAHOD 2016"]
[Site "Komenda"]
[Date "2016.11.27"]
[Round "9.1"]
[White "Subelj, Jan"]
[Black "Kersic, Matej"]
[Result "1-0"]
[WhiteElo "2182"]
[BlackElo "2152"]
[PlyCount "85"]
[EventDate "2016.11.27"]
[WhiteTeam "SK KOMENDA"]
[BlackTeam "SK STARI MAYR KRANJ"]

1. e4 c5 2. Nf3 d6 3. c3 Nf6 4. h3 g6 5. Bd3 Bg7 6. Bc2 O-O 7. d4 Nc6 8. O-O
cxd4 9. cxd4 Nb4 10. Bb3 d5 11. e5 Ne4 12. Nc3 Nxc3 13. bxc3 Nc6 14. c4 dxc4
15. Bxc4 h6 16. Re1 e6 17. Ba3 Re8 18. Qc2 Ne7 19. Rad1 Bd7 20. Nd2 Rc8 21. Qb3
b5 22. Bd3 Bc6 23. Bc5 a6 24. Be4 Nd5 25. Bf3 Nb6 26. Bxc6 Rxc6 27. Qf3 Nd5 28.
Ne4 Qd7 29. h4 Rc7 30. g4 Qd8 31. g5 h5 32. Nf6+ Bxf6 33. gxf6 Kh7 34. Kh2 Qc8
35. Rg1 Rxc5 36. dxc5 Qxc5 37. Rg5 Kh6 38. Qg3 Rg8 39. Rg1 Qd4 40. Rc1 Nf4 41.
Qe3 Qa4 42. Kg3 Kh7 43. Qxf4 1-0

[Event "II. CLANSKA LIGA ZAHOD 2016"]
[Site "Komenda"]
[Date "2016.11.27"]
[Round "9.2"]
[White "Podvrsnik, Marko"]
[Black "Marn, Jan"]
[Result "1-0"]
[WhiteElo "2186"]
[BlackElo "1934"]
[PlyCount "113"]
[EventDate "2016.11.27"]
[WhiteTeam "SK STARI MAYR KRANJ"]
[BlackTeam "SK KOMENDA"]

1. d4 d5 2. c4 e6 3. g3 Nf6 4. Bg2 Be7 5. Nf3 O-O 6. O-O c6 7. Nbd2 b6 8. Qc2
Bb7 9. Rd1 Na6 10. b3 Qc7 11. Bb2 Rac8 12. Rac1 Rfd8 13. cxd5 cxd5 14. Qb1 Qb8
15. e3 Nb4 16. a3 Nc6 17. b4 Bd6 18. Bf1 Ne7 19. Bd3 h6 20. Ne5 Bxe5 21. dxe5
Ng4 22. Qa1 Nc6 23. Rxc6 Bxc6 24. b5 Bb7 25. h3 d4 26. Bxd4 Qa8 27. hxg4 Rd7
28. Be2 h5 29. gxh5 g6 30. hxg6 fxg6 31. Qb1 Kg7 32. Bd3 Rh8 33. Be4 Qf8 34.
Bxb7 Rxb7 35. Qe4 Rf7 36. Rf1 Kh7 37. Kg2 Kg7 38. a4 Rh6 39. Qg4 Qa8+ 40. Qe4
Qf8 41. f4 Rc7 42. Nf3 Qa3 43. Ng5 Qb3 44. Rf2 Rc1 45. Qb7+ Kh8 46. Nf7+ Kg7
47. Ng5+ Kh8 48. Qd7 Rg1+ 49. Kxg1 Qd1+ 50. Rf1 Rh1+ 51. Kxh1 Qxf1+ 52. Kh2
Qf2+ 53. Kh3 Qf1+ 54. Kh4 Qh1+ 55. Nh3 Qd1 56. g4 Qe1+ 57. Kg5 1-0

[Event "II. CLANSKA LIGA ZAHOD 2016"]
[Site "Komenda"]
[Date "2016.11.27"]
[Round "9.3"]
[White "Trebusak, Anton"]
[Black "Djuric, Petar"]
[Result "0-1"]
[WhiteElo "1872"]
[BlackElo "2112"]
[PlyCount "70"]
[EventDate "2016.11.27"]
[WhiteTeam "SK KOMENDA"]
[BlackTeam "SK STARI MAYR KRANJ"]

1. Nf3 Nf6 2. d4 g6 3. c4 Bg7 4. Nc3 d6 5. e4 O-O 6. h3 Na6 7. Be3 c5 8. Be2
cxd4 9. Bxd4 b6 10. O-O Nc5 11. Qc2 Bb7 12. Nd2 Re8 13. Rad1 Ne6 14. Be3 Rc8
15. Qa4 Nd7 16. Qc2 Nd4 17. Bxd4 Bxd4 18. Bg4 h5 19. Bxd7 Qxd7 20. Ne2 Bg7 21.
b3 b5 22. Qd3 bxc4 23. Nxc4 Ba6 24. Rc1 Rc5 25. Rc2 Rec8 26. Rfc1 Bh6 27. f4
Qe6 28. Nd4 Qf6 29. g3 e5 30. Ne2 exf4 31. Rf1 g5 32. Qf3 Qg6 33. gxf4 gxf4+
34. Kh2 Qf6 35. Qxh5 Rxh5 0-1

[Event "II. CLANSKA LIGA ZAHOD 2016"]
[Site "Komenda"]
[Date "2016.11.27"]
[Round "9.4"]
[White "Urh, Zala"]
[Black "Kralj, Nejc"]
[Result "1/2-1/2"]
[WhiteElo "2036"]
[BlackElo "1695"]
[PlyCount "58"]
[EventDate "2016.11.27"]
[WhiteTeam "SK STARI MAYR KRANJ"]
[BlackTeam "SK KOMENDA"]

1. d4 d5 2. c4 c6 3. Nc3 Nf6 4. Nf3 e6 5. Bg5 Nbd7 6. e3 Qa5 7. Nd2 Bb4 8. Qc2
O-O 9. Be2 e5 10. O-O exd4 11. Nb3 Qc7 12. Nxd4 dxc4 13. Bxc4 Bxc3 14. bxc3 b6
15. Bf4 Qb7 16. Be2 Nc5 17. Bf3 Bd7 18. Bd6 Rfe8 19. Bxc5 bxc5 20. Nb3 Qb6 21.
Rab1 Rab8 22. Rfd1 Bg4 23. Bxg4 Nxg4 24. Qf5 Ne5 25. f4 g6 26. Qg5 Nc4 27. Qxc5
Qxc5 28. Nxc5 Rxb1 29. Rxb1 Rxe3 1/2-1/2

[Event "II. CLANSKA LIGA ZAHOD 2016"]
[Site "Komenda"]
[Date "2016.11.27"]
[Round "9.5"]
[White "Mlakar, Matej"]
[Black "Bulatovic, Milorad"]
[Result "0-1"]
[WhiteElo "1503"]
[BlackElo "1864"]
[PlyCount "200"]
[EventDate "2016.11.27"]
[WhiteTeam "SK KOMENDA"]
[BlackTeam "SK STARI MAYR KRANJ"]

1. e4 e5 2. Nc3 Nc6 3. Bc4 Bc5 4. d3 Nf6 5. Nf3 d6 6. Be3 Bxe3 7. fxe3 O-O 8.
O-O Na5 9. Bb3 Nxb3 10. axb3 Bg4 11. h3 Bh5 12. Qe1 c6 13. d4 Qc7 14. d5 c5 15.
Nd2 a6 16. Ne2 Bg6 17. Ng3 b5 18. c4 Rfb8 19. Qc1 Qd8 20. Kh1 Ne8 21. Ra2 Qg5
22. Qe1 h5 23. Kg1 Rb6 24. Nf5 Rab8 25. cxb5 axb5 26. Nf3 Qd8 27. Nd2 Nc7 28.
Kh1 Na6 29. Qc1 Bxf5 30. Rxf5 g6 31. Rf1 Nb4 32. Ra1 Kg7 33. Ra7 R8b7 34. Rxb7
Rxb7 35. Kh2 Ra7 36. Nf3 Qa5 37. Qb1 f6 38. Rd1 Qa2 39. Qxa2 Rxa2 40. Rd2 g5
41. g4 hxg4 42. hxg4 Ra1 43. Kg2 Rc1 44. Kf2 Nc2 45. Ke2 Na1 46. b4 Nb3 47. Rd1
Rc2+ 48. Nd2 Rxb2 49. bxc5 Nxc5 50. Rb1 Ra2 51. Rb4 Kf7 52. Kd1 Ra5 53. Nb3
Nxb3 54. Rxb3 Ke7 55. Ke2 Kd7 56. Kf3 Kc7 57. Rc3+ Kb7 58. Rb3 Kc7 59. Ke2 Kb7
60. Kd3 Kb6 61. Rc3 Ra6 62. Kc2 b4 63. Rc6+ Kb5 64. Rc7 Ra2+ 65. Kb3 Ra3+ 66.
Kb2 Rxe3 67. Rc6 Rxe4 68. Rxd6 Rxg4 69. Rxf6 Rd4 70. d6 Kc5 71. Rf5 Kxd6 72.
Rxg5 Rf4 73. Kb3 Kd5 74. Rh5 Re4 75. Rh8 Rd4 76. Rd8+ Ke4 77. Re8 Kf4 78. Rf8+
Ke3 79. Kc2 e4 80. Rf7 Rd3 81. Rf8 b3+ 82. Kb2 Ke2 83. Rf7 e3 84. Kc1 Rd2 85.
Rf8 Rd1+ 86. Kb2 Rf1 87. Re8 Rf3 88. Kxb3 Kf2 89. Kc2 Rf7 90. Kd3 Rd7+ 91. Kc2
Ke2 92. Re6 Rc7+ 93. Kb2 Kd2 94. Rd6+ Ke1 95. Re6 e2 96. Rf6 Ra7 97. Kc2 Rg7
98. Kc1 Rg2 99. Rh6 Kf1 100. Rf6+ Rf2 0-1

[Event "II. CLANSKA LIGA ZAHOD 2016"]
[Site "Komenda"]
[Date "2016.11.27"]
[Round "9.6"]
[White "Urh, Robert"]
[Black "Zidar, Jernej"]
[Result "1-0"]
[WhiteElo "1672"]
[BlackElo "1272"]
[PlyCount "119"]
[EventDate "2016.11.27"]
[WhiteTeam "SK STARI MAYR KRANJ"]
[BlackTeam "SK KOMENDA"]

1. e4 c5 2. Nf3 d6 3. c3 Nf6 4. e5 Nfd7 5. exd6 exd6 6. Bc4 Be7 7. O-O O-O 8.
d4 a6 9. Bf4 Nf6 10. Re1 b5 11. Bb3 c4 12. Bc2 Re8 13. a4 Bb7 14. Nbd2 d5 15.
Ne5 Nbd7 16. Ndf3 Nxe5 17. Nxe5 Bd6 18. Qf3 Bxe5 19. Bxe5 Nd7 20. Qh3 h6 21.
Bf4 Qf6 22. Qxd7 Bc6 23. Qg4 Rad8 24. axb5 Bxb5 25. Re5 Rxe5 26. Bxe5 Qg5 27.
Qxg5 hxg5 28. f4 gxf4 29. Bxf4 Re8 30. Kf2 Re6 31. g4 Kf8 32. h4 Ke7 33. Re1
Rxe1 34. Kxe1 a5 35. Kf2 g6 36. h5 Be8 37. h6 Kf8 38. Be5 Kg8 39. Ke3 Kh7 40.
g5 a4 41. Bf6 Bd7 42. Kf4 Be8 43. Ke5 Bc6 44. Kd6 Be8 45. Bd1 Kg8 46. Ke7 a3
47. bxa3 Bb5 48. h7+ Kxh7 49. Kxf7 Ba4 50. Bg4 Bd7 51. Be6 Be8+ 52. Ke7 Bf7 53.
Bd7 Bg8 54. a4 Bf7 55. a5 Kg8 56. a6 Kh7 57. a7 Be8 58. a8=Q Kg8 59. Qxe8+ Kh7
60. Qh8# 1-0

[Event "II. CLANSKA LIGA ZAHOD 2016"]
[Site "Komenda"]
[Date "2016.11.27"]
[Round "9.1"]
[White "Hrescak, Ivana"]
[Black "Kodric, Vladimir"]
[Result "1/2-1/2"]
[WhiteElo "2173"]
[BlackElo "1945"]
[PlyCount "103"]
[EventDate "2016.11.27"]
[WhiteTeam "SK POSTOJNA"]
[BlackTeam "SK LOSKA DOLINA"]

1. d4 d6 2. e4 c6 3. c4 e5 4. Ne2 f5 5. exf5 Bxf5 6. Nbc3 Nd7 7. Ng3 Bg6 8. Bd3
Bf7 9. dxe5 dxe5 10. O-O Ngf6 11. Nf5 g6 12. Nh6 Nc5 13. Nxf7 Kxf7 14. Bc2 Qxd1
15. Rxd1 Be7 16. Re1 Ncd7 17. a3 Bc5 18. Be3 Rhe8 19. Rad1 Bxe3 20. Rxe3 Re7
21. b4 Rae8 22. Re2 Kf8 23. Red2 Nb6 24. Bb3 e4 25. Rd6 Kg7 26. Ne2 Nbd7 27. c5
Ne5 28. Nf4 Nf7 29. Re6 e3 30. fxe3 Ng5 31. Rxe7+ Rxe7 32. h4 Nge4 33. Ne6+ Kh6
34. Nf4 Ng4 35. Rd3 Ng3 36. Be6 Ne2+ 37. Nxe2 Rxe6 38. Nd4 Rxe3 39. Rxe3 Nxe3
40. b5 cxb5 41. Nxb5 Nc4 42. Nxa7 Nxa3 43. Nc8 Nc4 44. Nd6 Na5 45. g4 Kg7 46.
g5 h6 47. Kf2 hxg5 48. hxg5 Kf8 49. Ke3 Ke7 50. Kd4 Ke6 51. Ne4 Kf5 52. Kd5 {
nejasno (54)} 1/2-1/2

[Event "II. CLANSKA LIGA ZAHOD 2016"]
[Site "Komenda"]
[Date "2016.11.27"]
[Round "9.2"]
[White "Drobnic, Milan"]
[Black "Pridigar, Lovro"]
[Result "1/2-1/2"]
[WhiteElo "1892"]
[BlackElo "2044"]
[PlyCount "82"]
[EventDate "2016.11.27"]
[WhiteTeam "SK LOSKA DOLINA"]
[BlackTeam "SK POSTOJNA"]

1. c4 f5 2. g3 Nf6 3. Bg2 e6 4. Nc3 Be7 5. e3 d6 6. Nge2 O-O 7. O-O Qe8 8. d3
Nc6 9. Rb1 e5 10. b4 Qh5 11. b5 Nd8 12. Nd5 Nxd5 13. Bxd5+ Kh8 14. Nc3 Qg6 15.
Bg2 Ne6 16. f4 exf4 17. exf4 Bf6 18. Nd5 Bd4+ 19. Be3 Bxe3+ 20. Nxe3 Nc5 21.
Nd5 Qf7 22. Re1 Be6 23. Re3 Rac8 24. Qe2 c6 25. Nc3 Rfe8 26. Re1 Bd7 27. bxc6
bxc6 28. d4 Rxe3 29. Qxe3 Re8 30. Qd2 Rxe1+ 31. Qxe1 Nd3 32. Qb1 Qxc4 33. Qb8+
Qg8 34. Qxd6 Qe8 35. h3 Qe1+ 36. Kh2 Qe8 37. Kg1 Qe1+ 38. Kh2 Qe8 39. Kg1 Qe1+
40. Kh2 Qe8 41. Kg1 Qe1+ 1/2-1/2

[Event "II. CLANSKA LIGA ZAHOD 2016"]
[Site "Komenda"]
[Date "2016.11.27"]
[Round "9.3"]
[White "Malkoc, Tilen"]
[Black "Stanic, Vitko"]
[Result "1/2-1/2"]
[WhiteElo "1738"]
[BlackElo "1764"]
[PlyCount "112"]
[EventDate "2016.11.27"]
[WhiteTeam "SK POSTOJNA"]
[BlackTeam "SK LOSKA DOLINA"]

1. Nf3 d5 2. d4 Nf6 3. g3 g6 4. Bg2 Bg7 5. O-O Nbd7 6. Nbd2 O-O 7. c4 e6 8. Qc2
c6 9. e4 dxe4 10. Nxe4 Nxe4 11. Qxe4 Nf6 12. Qc2 Re8 13. Re1 Bd7 14. Qb3 Qb6
15. Qxb6 axb6 16. Ne5 h6 17. Be3 Bc8 18. a3 Nd7 19. Nxd7 Bxd7 20. Rad1 Ra4 21.
Rc1 Rea8 22. Rc2 Kh7 23. Rd1 Be8 24. d5 R4a6 25. dxc6 bxc6 26. Bd4 Rb8 27. Bxg7
Kxg7 28. Rd6 c5 29. Bc6 Bxc6 30. Rxc6 Rd8 31. Rc3 Rd4 32. b4 cxb4 33. axb4 Ra1+
34. Kg2 b5 35. Rc5 bxc4 36. R5xc4 Rdd1 37. Rb3 Rab1 38. Rcc3 Rxb3 39. Rxb3 Rd6
40. b5 Rb6 41. Kf3 Kf6 42. Ke4 Ke7 43. Kd4 Kd6 44. Kc4 h5 45. Rd3+ Kc7 46. Kc5
Rb8 47. Ra3 Kb7 48. Rf3 f5 49. Re3 Rc8+ 50. Kd6 Rc2 51. f4 Rxh2 52. Rxe6 h4 53.
gxh4 Rxh4 54. Ke5 Rg4 55. Rc6 g5 56. Kxf5 Rxf4+ 1/2-1/2

[Event "II. CLANSKA LIGA ZAHOD 2016"]
[Site "Komenda"]
[Date "2016.11.27"]
[Round "9.4"]
[White "Bavec, Vinko"]
[Black "Jereb, Lana"]
[Result "1/2-1/2"]
[WhiteElo "1567"]
[BlackElo "1584"]
[PlyCount "103"]
[EventDate "2016.11.27"]
[WhiteTeam "SK LOSKA DOLINA"]
[BlackTeam "SK POSTOJNA"]

1. d4 d5 2. Nf3 Nf6 3. g3 Bf5 4. Bg2 e6 5. a3 c5 6. c3 Nc6 7. O-O Be7 8. Bg5
O-O 9. Bxf6 Bxf6 10. dxc5 a5 11. Nd4 Bg4 12. Nf3 Qe7 13. Nbd2 Qxc5 14. Qc1 Rac8
15. e3 b5 16. Qe1 Rfd8 17. Nd4 Nxd4 18. exd4 Qb6 19. Nb3 Rc7 20. Nc1 b4 21.
axb4 axb4 22. Na2 bxc3 23. bxc3 Rdc8 24. h4 Qb2 25. Qc1 Qb3 26. Qd2 Bf5 27.
Rfc1 Be7 28. Re1 Ba3 29. Re3 Qb2 30. Qxb2 Bxb2 31. Rae1 h6 32. R1e2 Bxc3 33.
Nxc3 Rxc3 34. Rd2 Rc1+ 35. Kh2 R8c2 36. Ree2 Bd3 37. Rxc2 Rxc2 38. Rxc2 Bxc2
39. f4 Kf8 40. Kg1 Ke7 41. Kf2 Kd6 42. Bf1 f6 43. Ke2 e5 44. fxe5+ fxe5 45. Bg2
Bb3 46. Bh3 Bc2 47. Bg2 Ke6 48. Bh3+ Kf6 49. Bc8 Bf5 50. Bb7 Be6 51. Ba6 Bf5
52. Bd3 1/2-1/2

[Event "II. CLANSKA LIGA ZAHOD 2016"]
[Site "Komenda"]
[Date "2016.11.27"]
[Round "9.5"]
[White "Skrbec, Leon"]
[Black "Sharku, Hysen"]
[Result "0-1"]
[WhiteElo "1505"]
[BlackElo "2041"]
[PlyCount "120"]
[EventDate "2016.11.27"]
[WhiteTeam "SK POSTOJNA"]
[BlackTeam "SK LOSKA DOLINA"]

1. d4 c6 2. Nf3 Nf6 3. c4 g6 4. Nc3 Bg7 5. Bg5 O-O 6. e4 Ne8 7. Bd3 Nc7 8. d5
d6 9. O-O f6 10. Bh4 Nba6 11. a3 Nc5 12. Bc2 a5 13. Nd4 e5 14. Nf3 g5 15. Bg3
Bg4 16. h3 Bh5 17. Na4 Nxa4 18. Bxa4 cxd5 19. cxd5 Na6 20. Re1 Qb6 21. Qb3 Qxb3
22. Bxb3 Bxf3 23. gxf3 Rfc8 24. Rac1 Nc5 25. Bc4 a4 26. Rc2 Bf8 27. Rec1 Be7
28. Bb5 Rcb8 29. Bc4 Bd8 30. h4 h6 31. Kg2 b5 32. Ba2 b4 33. Bc4 b3 34. Re2 Ba5
35. Kh3 Rb7 36. Kg4 Kg7 37. Kf5 Rb6 38. Rd1 Rc8 39. Rc1 Rbb8 40. Bh2 Nd7 41.
hxg5 hxg5 42. Ke6 Nb6 43. Kxd6 Nxc4+ 44. Ke6 Re8+ 45. Kf5 Nd6+ 46. Kg4 Rec8 47.
Rb1 Rc2 48. Re3 Nc4 49. Rd3 Nxb2 50. Re3 Nc4 51. Rd3 b2 52. Rdd1 Nxa3 53. Kg3
Nxb1 54. Rxb1 Rc1 55. Rxc1 bxc1=Q 56. Kg4 Kg6 57. d6 Qh1 58. d7 Qg2+ 59. Bg3
Rh8 60. d8=Q Rh4# 0-1

[Event "II. CLANSKA LIGA ZAHOD 2016"]
[Site "Komenda"]
[Date "2016.11.27"]
[Round "9.6"]
[White "Zaplotnik, Hugon"]
[Black "Hvala, Inja Ajda"]
[Result "1-0"]
[WhiteElo "1619"]
[BlackElo "1231"]
[PlyCount "125"]
[EventDate "2016.11.27"]
[WhiteTeam "SK LOSKA DOLINA"]
[BlackTeam "SK POSTOJNA"]

1. e4 c6 2. Nc3 d5 3. Nf3 Bg4 4. exd5 cxd5 5. d4 Nf6 6. Be2 e6 7. a3 Bd6 8. Bg5
Nbd7 9. h3 Bf5 10. Bd3 Bg6 11. Qd2 Qc7 12. Nb5 Qc6 13. Nxd6+ Qxd6 14. Bf4 Qb6
15. O-O O-O 16. c3 Rfe8 17. Bxg6 hxg6 18. Ne5 Nxe5 19. dxe5 Ne4 20. Qe2 Qc7 21.
f3 Nc5 22. Qb5 a6 23. Qe2 Qb6 24. Be3 Qc7 25. Qc2 Nd7 26. f4 Nb6 27. Bxb6 Qxb6+
28. Kh2 Rac8 29. Rf3 d4 30. Rd1 dxc3 31. Rxc3 Rxc3 32. Qxc3 Qf2 33. Qd2 Qxd2
34. Rxd2 Kf8 35. h4 Ke7 36. Kh3 Rc8 37. Kg4 Rc7 38. g3 Rc6 39. Kg5 Rb6 40. b4
Rc6 41. Rd3 Rc7 42. h5 gxh5 43. Kxh5 Rc8 44. Kg4 Rc7 45. a4 Rc4 46. Rb3 Kd7 47.
Kg5 Kc6 48. g4 Kd5 49. a5 Kd4 50. b5 Rc3 51. bxa6 bxa6 52. Rb6 Rc7 53. Rxa6 Kc5
54. Ra8 Kb5 55. a6 Kb6 56. a7 Rxa7 57. Rxa7 Kxa7 58. f5 exf5 59. gxf5 Kb6 60.
f6 g6 61. e6 fxe6 62. f7 e5 63. f8=Q 1-0

[Event "II. CLANSKA LIGA ZAHOD 2016"]
[Site "Komenda"]
[Date "2016.11.27"]
[Round "9.1"]
[White "Beletic, Danijel"]
[Black "Butala, Marjan"]
[Result "1-0"]
[WhiteElo "2303"]
[BlackElo "2015"]
[PlyCount "112"]
[EventDate "2016.11.27"]
[WhiteTeam "SK RIMEX ILIRSKA BISTRICA"]
[BlackTeam "KPSRD KAREL JERAJ LJUBLJANA"]

1. d4 e6 2. Nf3 d5 3. e3 Nf6 4. Bd3 Nbd7 5. b3 Bd6 6. Bb2 c5 7. Nbd2 O-O 8. O-O
b6 9. Ne5 cxd4 10. exd4 Bb7 11. Qe2 Rc8 12. a3 Re8 13. f4 Qe7 14. Rf3 Rc7 15.
Rh3 Nf8 16. b4 Rec8 17. c3 Ng6 18. Rf1 a5 19. Qe1 axb4 20. axb4 Ra8 21. Bb1 Nf8
22. g4 Bxe5 23. fxe5 Ne4 24. Nxe4 dxe4 25. Bxe4 Bxe4 26. Qxe4 Ra2 27. Bc1 Ng6
28. g5 Qd7 29. Rhf3 Qb5 30. h4 Qe2 31. Qxe2 Rxe2 32. h5 Nh4 33. Rh3 Rg2+ 34.
Kh1 Rg4 35. Rf4 Rxf4 36. Bxf4 Nf5 37. Rd3 Ne7 38. b5 Rc4 39. Bd2 Kf8 40. Rf3
Ke8 41. Rf1 Nd5 42. Ra1 Nc7 43. h6 g6 44. Kg2 Kd7 45. Rb1 Ra4 46. Kf2 Ra5 47.
c4 Ra4 48. Rb4 Rxb4 49. Bxb4 Kd8 50. Bd6 Ne8 51. Ke3 Kd7 52. Ba3 Nc7 53. Ke4
Ne8 54. Bb4 Nc7 55. Bd6 Nxb5 56. cxb5 Kc8 {nejasno (59)} 1-0

[Event "II. CLANSKA LIGA ZAHOD 2016"]
[Site "Komenda"]
[Date "2016.11.27"]
[Round "9.2"]
[White "Mlacnik, Franc"]
[Black "Doric, Nenad"]
[Result "1/2-1/2"]
[WhiteElo "2019"]
[BlackElo "2255"]
[PlyCount "91"]
[EventDate "2016.11.27"]
[WhiteTeam "KPSRD KAREL JERAJ LJUBLJANA"]
[BlackTeam "SK RIMEX ILIRSKA BISTRICA"]

1. e4 c5 2. d4 cxd4 3. c3 Nf6 4. e5 Nd5 5. cxd4 d6 6. Nf3 Nc6 7. Be2 g6 8. O-O
Bg7 9. exd6 Qxd6 10. Nc3 O-O 11. Qb3 Be6 12. Ne4 Nf4 13. Bxf4 Qxf4 14. Qe3 Bh6
15. Qxf4 Bxf4 16. Nc3 Nb4 17. a3 Nd5 18. g3 Bh6 19. Ne5 Rac8 20. Nxd5 Bxd5 21.
b4 Rfd8 22. Bf3 Rc3 23. Kg2 Rc2 24. Rad1 Kf8 25. Rfe1 Bxf3+ 26. Nxf3 Rc3 27. a4
Rc4 28. Rb1 Bg7 29. Rec1 Rdc8 30. Rd1 Rc2 31. a5 Ra2 32. Rdc1 Rcc2 33. Rxc2
Rxc2 34. b5 Bh6 35. Rb3 Ra2 36. b6 Rxa5 37. Rc3 axb6 38. Rc8+ Kg7 39. Rc7 Ra2
40. Rxe7 Kf8 41. Re5 Ra5 42. Re2 Rd5 43. Rb2 b5 44. Rc2 b4 45. Rc8+ Kg7 46. Rc7
1/2-1/2

[Event "II. CLANSKA LIGA ZAHOD 2016"]
[Site "Komenda"]
[Date "2016.11.27"]
[Round "9.3"]
[White "Nedimovic, Ljubisa"]
[Black "Mlacnik, Janez"]
[Result "1-0"]
[WhiteElo "2185"]
[BlackElo "1874"]
[PlyCount "125"]
[EventDate "2016.11.27"]
[WhiteTeam "SK RIMEX ILIRSKA BISTRICA"]
[BlackTeam "KPSRD KAREL JERAJ LJUBLJANA"]

1. d4 e6 2. Nf3 f5 3. c4 Nf6 4. g3 d5 5. Bg2 c6 6. O-O Bd6 7. b3 Qe7 8. a4 O-O
9. Ba3 Bxa3 10. Nxa3 Nbd7 11. Qd3 Ne4 12. e3 Ndf6 13. a5 a6 14. Ne5 Bd7 15. Nc2
Rad8 16. f3 Nd6 17. Qc3 Bc8 18. Ne1 Nf7 19. N1d3 Nh6 20. Nc5 g5 21. b4 g4 22.
b5 cxb5 23. cxb5 axb5 24. Qb3 gxf3 25. Bxf3 Ne4 26. Bxe4 fxe4 27. Qxb5 Nf5 28.
Qe2 Qg5 29. Rf4 Kh8 30. Raf1 Qh6 31. Qf2 Kg8 32. g4 Nd6 33. Nf7 Nxf7 34. Rxf7
Rxf7 35. Qxf7+ Kh8 36. Kh1 Rg8 37. Qf6+ Qxf6 38. Rxf6 Kg7 39. g5 Re8 40. h4 e5
41. dxe5 Rxe5 42. Nb3 Re6 43. Rxe6 Bxe6 44. Nd4 Bd7 45. Kg2 Kg6 46. Kg3 Kh5 47.
Ne2 Kg6 48. Nf4+ Kf5 49. Nxd5 Ke5 50. Nf6 Bf5 51. Ng4+ Ke6 52. Kf4 Bg6 53. Nf6
h6 54. Nxe4 hxg5+ 55. Nxg5+ Kd6 56. e4 Kc5 57. Ne6+ Kb5 58. Nd8 Kxa5 59. Nxb7+
Kb6 60. Nd6 Kc6 61. Nf5 Kd7 62. Kg5 Bh7 63. Kf6 1-0

[Event "II. CLANSKA LIGA ZAHOD 2016"]
[Site "Komenda"]
[Date "2016.11.27"]
[Round "9.4"]
[White "Vertacnik, Viktor"]
[Black "Sajn, Simon"]
[Result "0-1"]
[WhiteElo "1570"]
[BlackElo "2096"]
[PlyCount "36"]
[EventDate "2016.11.27"]
[WhiteTeam "KPSRD KAREL JERAJ LJUBLJANA"]
[BlackTeam "SK RIMEX ILIRSKA BISTRICA"]

1. e4 c5 2. c3 Nf6 3. e5 Nd5 4. Nf3 Nc6 5. d4 cxd4 6. cxd4 d6 7. Bc4 Nb6 8. Bb3
d5 9. Nc3 Bg4 10. Be3 e6 11. h3 Bh5 12. Qe2 Be7 13. Bd1 Nc4 14. b3 Bb4 15. Rc1
Bxc3+ 16. Rxc3 Bxf3 17. gxf3 Qa5 18. Qd3 Nb4 0-1

[Event "II. CLANSKA LIGA ZAHOD 2016"]
[Site "Komenda"]
[Date "2016.11.27"]
[Round "9.5"]
[White "Cibej, Marjan"]
[Black "Cizman, Gregor"]
[Result "1-0"]
[WhiteElo "1962"]
[BlackElo "1611"]
[PlyCount "59"]
[EventDate "2016.11.27"]
[WhiteTeam "SK RIMEX ILIRSKA BISTRICA"]
[BlackTeam "KPSRD KAREL JERAJ LJUBLJANA"]

1. e4 c6 2. d4 d5 3. exd5 cxd5 4. Nf3 a6 5. Bd3 Nf6 6. c3 e6 7. Bg5 Be7 8. Nbd2
Nbd7 9. a4 h6 10. Bh4 O-O 11. a5 Nh5 12. Bxe7 Qxe7 13. O-O Nhf6 14. Qe2 Qd6 15.
Ne5 Re8 16. f4 Nf8 17. g4 N6h7 18. g5 f6 19. gxh6 fxe5 20. hxg7 Kxg7 21. fxe5
Qe7 22. Rf3 Bd7 23. Raf1 Kh8 24. Qg2 Ng5 25. Rg3 Nfh7 26. Rf4 Rg8 27. Rfg4 Qf7
28. Rh4 Ne4 29. Nxe4 dxe4 30. Bxe4 1-0

[Event "II. CLANSKA LIGA ZAHOD 2016"]
[Site "Komenda"]
[Date "2016.11.27"]
[Round "9.6"]
[White "Kanc, Ignacij"]
[Black "Rolih, Miran"]
[Result "0-1"]
[WhiteElo "1640"]
[BlackElo "1795"]
[PlyCount "60"]
[EventDate "2016.11.27"]
[WhiteTeam "KPSRD KAREL JERAJ LJUBLJANA"]
[BlackTeam "SK RIMEX ILIRSKA BISTRICA"]

1. e4 c5 2. Nf3 d6 3. Bc4 Qc7 4. Nc3 e6 5. a3 a6 6. O-O Nf6 7. h3 b5 8. Be2 b4
9. axb4 cxb4 10. Nb5 Qb7 11. e5 dxe5 12. Nxe5 axb5 13. Bf3 Nd5 14. Rxa8 Qxa8
15. d4 Nd7 16. Re1 Nxe5 17. Rxe5 Bb7 18. Qe2 Nc7 19. Bxb7 Qxb7 20. f4 Be7 21.
Kh2 Bf6 22. Re4 Qd5 23. Qd3 Qc4 24. Qd2 O-O 25. g4 g6 26. g5 Bg7 27. Qd1 Rd8
28. Be3 Qd5 29. Qd3 Qf5 30. Kg3 Na6 {nejasno (31)} 0-1

[Event "II. CLANSKA LIGA ZAHOD 2016"]
[Site "Komenda"]
[Date "2016.11.27"]
[Round "9.1"]
[White "Luzar, Emil"]
[Black "Rodman, Franc"]
[Result "1/2-1/2"]
[WhiteElo "2176"]
[BlackElo "2078"]
[PlyCount "53"]
[EventDate "2016.11.27"]
[WhiteTeam "SK DOLENJSKE TOPLICE"]
[BlackTeam "SD JESENICE"]

1. e4 e5 2. Nf3 Nc6 3. Bb5 Nf6 4. Qe2 Bc5 5. O-O O-O 6. c3 Bb6 7. Bxc6 bxc6 8.
Nxe5 Re8 9. d4 d6 10. Nxc6 Qd7 11. Nb4 a5 12. Nc2 Ba6 13. c4 d5 14. Nba3 Nxe4
15. Be3 Nd6 16. b3 dxc4 17. bxc4 Qa4 18. Rfd1 Nxc4 19. Nxc4 Bxc4 20. Qd2 Rad8
21. Qc3 Re6 22. d5 Rxd5 23. Rxd5 Bxd5 24. Bxb6 c5 25. Ne3 Bc6 26. Nf5 Qg4 27.
Ne7+ 1/2-1/2

[Event "II. CLANSKA LIGA ZAHOD 2016"]
[Site "Komenda"]
[Date "2016.11.27"]
[Round "9.2"]
[White "Zeleznik, Alojz"]
[Black "Pucelj, Joze"]
[Result "1/2-1/2"]
[WhiteElo "2170"]
[BlackElo "2084"]
[PlyCount "58"]
[EventDate "2016.11.27"]
[WhiteTeam "SD JESENICE"]
[BlackTeam "SK DOLENJSKE TOPLICE"]

1. e4 g6 2. d4 Bg7 3. c4 c5 4. d5 d6 5. Nc3 Nf6 6. Nf3 Bg4 7. Be2 O-O 8. h3
Bxf3 9. Bxf3 Na6 10. O-O Nc7 11. Bf4 Nfe8 12. Qd2 e5 13. dxe6 Nxe6 14. Be3 Nd4
15. Bxd4 Bxd4 16. Nd5 Nc7 17. Nxc7 Qxc7 18. Rae1 Rab8 19. Kh1 b5 20. cxb5 Rxb5
21. b3 Qa5 22. Qc2 Qc3 23. Qxc3 Bxc3 24. Rc1 Bd4 25. Be2 Rb7 26. Bc4 Kg7 27. g3
Re7 28. f3 f5 29. Bd5 f4 1/2-1/2